Normal view
MARC view
Entry Personal Name
001 - CONTROL NUMBER
- control field: 86849
003 - CONTROL NUMBER IDENTIFIER
- control field: dpl
005 - DATE AND TIME OF LATEST TRANSACTION
- control field: 20260127115925.0
008 - FIXED-LENGTH DATA ELEMENTS
- fixed length control field: 260127|| aca||aabn | a|a d
040 ## - CATALOGING SOURCE
- Original cataloging agency: dpl
- Transcribing agency: dpl
100 ## - HEADING--PERSONAL NAME
- Personal name: चौरसिया, सावित्री जगदीश
670 ## - SOURCE DATA FOUND
- Source citation: Work cat.: (dpl)214492: चौरसिया, सावित्री जगदीश, आओ ध्वज तिरँगा फहरायों हमः, 2022
